Poklad Ezopská bájka

Podrobná bibliografia
Hlavný autor: Sliacky, Ondrej, 1941- (Autor)
Ďalší autori: Veľká, Jarmila, 1953- (gup)
Médium: Článok
Jazyk:slovenčina
Predmet:

MARC

LEADER 00000nab a2200000 a 4500
001 vtls000245167
003 SK-MaSNL
005 20260302211629.0
008 111130c1986 xo 0 slo
015 |a SNBRB19rr/mm-uuuuu 
035 |a CL0255281 
040 |a SNKBUCL  |b slo  |c SNKBUCL  |e AACR2 
041 0 |a slo 
044 |a xo  |c SK 
080 |a 885.4-3(087.5)  |2 1981 
100 1 |a Sliacky, Ondrej,  |d 1941-  |4 aut  |9 203389 
245 1 0 |a Poklad  |b Ezopská bájka  |c Ondrej Sliacky ; Jarmila Veľká 
650 0 7 |a bájky  |2 snkbucl  |9 289991 
655 7 |a články z novín a časopisov  |2 snkbucl  |9 267496 
655 7 |a články z odboru literárna veda a krásna literatúra  |2 snkbucl  |9 770045 
700 1 |a Veľká, Jarmila,  |d 1953-  |4 gup  |9 238367 
773 0 |t Včielka  |g Roč. 28, č. 17 (1986), s. 11 
850 |a Slovenská národná knižnica v Martine  |a MTA001 
852 |a SNK  |b KIS3GCP 
958 |a RK 
958 |a LX 
992 |a RBX 
999 |c 1485966  |d 1487896